000 00301nam a22001217a 4500
008 160429b xxu||||| |||| 00| 0 eng d
020 _a9780781714518
020 _a0781714516
041 _aeng
080 _a618.2
245 _aPsychiatric Mental heaith nursing:
_cSheila L. Videbeck;
942 _2udc
_cBK
999 _c1685
_d1685